| 000 | 00486nam 22001693 4500 | ||
|---|---|---|---|
| 001 | 32537 | ||
| 090 | _a32537 | ||
| 100 | _a20260310d u||y0pory50 ba | ||
| 101 | _aeng | ||
| 200 |
_aObservation and analysis of the surface Wind Over the Ocean _fG.Verploegh |
||
| 210 | _d1967 | ||
| 317 | _5Serviço Meteorológico Nacional | ||
| 500 | _aObservation and analysis of the surface Wind Over the Ocean | ||
| 606 |
_xOceanografia _923719 |
||
| 700 |
_aVerploegh _bG. _923720 |
||
| 801 | _gISBD | ||
| 942 | _n0 | ||